Introduction

Bibliographic Details
Main Author: Richmond, David
Format: Book
Published: London : Macmillan , 1994
Subjects:

MARC

LEADER 00000cam a2200000 7i4500
001 0000003544
005 20231213.0
040 |a INS 
090 0 0 |a HD1387.   |b R53 1994 
100 1 |a Richmond, David 
245 1 0 |a Introduction 
260 |a London :   |b Macmillan ,   |c 1994 
300 |a 229p. 
650 0 0 |a Valuation 
999 |a 0000006873   |b BOOK   |c Open Shelf   |e Default branch